Financial accounting for business managers (Record no. 609463)

MARC details
000 -LEADER
fixed length control field 00779nam a2200253Ia 4500
003 - CONTROL NUMBER IDENTIFIER
control field OSt
005 - DATE AND TIME OF LATEST TRANSACTION
control field 20240925123517.0
008 - FIXED-LENGTH DATA ELEMENTS--GENERAL INFORMATION
fixed length control field 220923b |||||||| |||| 00| 0 eng d
020 ## - INTERNATIONAL STANDARD BOOK NUMBER
International Standard Book Number 9788120346529
037 ## - SOURCE OF ACQUISITION
Terms of availability General Book
040 ## - CATALOGING SOURCE
Original cataloging agency RTL
Transcribing agency RTL
Language of cataloging eng
041 ## - LANGUAGE CODE
Source of code eng
Language code of text/sound track or separate title eng
100 ## - MAIN ENTRY--PERSONAL NAME
Personal name Bhattacharyya, Asish K.
9 (RLIN) 308124
245 #0 - TITLE STATEMENT
Title Financial accounting for business managers
250 ## - EDITION STATEMENT
Edition statement 4th
260 ## - PUBLICATION, DISTRIBUTION, ETC.
Place of publication, distribution, etc. New Delhi
Name of publisher, distributor, etc. PHI Learning
Date of publication, distribution, etc. 2012
300 ## - PHYSICAL DESCRIPTION
Extent xxix, 748p.
Dimensions cm.
500 ## - GENERAL NOTE
General note Appendix: p 378-430; Glossary: p 431-446
942 ## - ADDED ENTRY ELEMENTS (KOHA)
Classification part X:8F, Q2
Koha item type General Books
Source of classification or shelving scheme Colon Classification (CC)
Holdings
Withdrawn status Lost status Damaged status Not for loan Home library Current library Date acquired Source of acquisition Cost, normal purchase price Total Checkouts Full call number Barcode Date last seen Cost, replacement price Price effective from Koha item type
        Ratan Tata Library Ratan Tata Library 2022-09-26 929, 10/03/2014, Shree kala Prakashan 403.75   X:8F Q2 RT1458746 2022-09-26 403.75 2022-09-26 General Books
Copyright @ Delhi University Library System